| 000 | 00776nam a2200229 i 4500 | ||
|---|---|---|---|
| 001 | 24579 | ||
| 003 | ES-MaACL | ||
| 005 | 20230906153056.0 | ||
| 007 | t| | ||
| 008 | 200130s1966 ag ||||1| spa d | ||
| 100 | 1 |
_aFigueiredo, Guilherme. _9169460 |
|
| 245 | 1 | 0 |
_aAsilo diplomático / _cGuilherme Figueiredo ; [traductor César Tiempo]. La necesidad de ser polígamo / Silveira Sampaio ; [traductor Guillermo Whitelow]. |
| 260 |
_aBuenos Aires : _bLosange, _c1966. |
||
| 300 |
_a116 p. ; _c20 cm. |
||
| 490 | 1 |
_aTeatro brasileño ; _v3 |
|
| 700 | 1 |
_aSampaio, Silveira. _9169461 |
|
| 700 | 1 |
_aTiempo, César. _9169462 |
|
| 700 | 0 |
_aWhitelow, Guillermo. _9116701 |
|
| 830 | 0 |
_aTeatro brasileño ; _v3 _9180921 |
|
| 852 |
_aES-MaACL _jP-1224-3 |
||
| 999 |
_c24579 _d24579 |
||